| 000 | 00535nam a2200169Ia 4500 | ||
|---|---|---|---|
| 008 | 230917s9999||||xx |||||||||||||| ||und|| | ||
| 020 | _cGBP 150.00 (RS 15007.50) | ||
| 040 |
_e5006531 _aMAIN |
||
| 041 | _aEnglish | ||
| 082 | _a616.8527061 M523H | ||
| 100 | _aMendelson, Scott D | ||
| 245 | 0 | _aHerbal treatment of major depression: Scientific basis and practical use | |
| 260 |
_aLondon _bCRC Press _c2020 |
||
| 300 | _axxv, 420 p. | ||
| 500 | _a4934 26/12/2022 PBA23/448 10/01/2023 Pharmaceutical Sciences (Non- Plan) | ||
| 942 | _cBK | ||
| 999 |
_c7909 _d7909 |
||